Politická decentralizácia v štátoch Visegrádskej štvorky

Súčasný stav územného a správneho usporiadania štátov Visegrádskej štvorky s osobitným zreteľom na jednotky územnej samosprávy. Komparatívna analýza.

Gespeichert in:
Bibliographische Detailangaben
1. Verfasser: Neupauerová, Eva
Format: Buchkapitel
Sprache:Slowakisch
Schlagworte:
Tags: Tag hinzufügen
Keine Tags, Fügen Sie das erste Tag hinzu!

MARC

LEADER 00000naa$a2200000$$$4500
001 0031366
005 20240502071437.1
041 0 |a slo 
044 |a SK 
245 1 0 |a Politická decentralizácia v štátoch Visegrádskej štvorky  |c Erika Neubauerová 
520 |a Súčasný stav územného a správneho usporiadania štátov Visegrádskej štvorky s osobitným zreteľom na jednotky územnej samosprávy. Komparatívna analýza. 
610 2 0 |a Vyšehradská štvorka 
610 2 0 |a Česko 
610 2 0 |a Maďarsko 
610 2 0 |a Poľsko 
610 2 0 |a Slovensko 
610 2 0 |a usporiadanie správne 
610 2 0 |a usporiadanie územné 
610 2 0 |a samospráva 
610 2 0 |a analýza komparatívna 
100 1 |a Neupauerová, Eva